История и культура коренных народов Дальнего Востока (Запись № 10205998)

Подробности
000 -МАРКЕР
контрольное поле 02874nam0a2200433 i 4500
001 - ИДЕНТИФИКАТОР ЗАПИСИ
контрольное поле RU\NLR\BIBL_A\010192784
005 - ИДЕНТИФИКАТОР ВЕРСИИ
контрольное поле 20260406103346.0
010 ## - МЕЖДУНАРОДНЫЙ СТАНДАРТНЫЙ НОМЕР КНИГИ (ISBN)
Номер (ISBN) 9785900334622
Тираж 300
021 ## - НОМЕР ГОСУДАРСТВЕННОЙ РЕГИСТРАЦИИ
Код страны Российская Федерация
Номер 2013-103495
Номер Листа государственной регистраци 7187
035 ## - ДРУГИЕ СИСТЕМНЫЕ НОМЕРА
Идентификатор записи (NILC)RuMoRGB-006715291
035 ## - ДРУГИЕ СИСТЕМНЫЕ НОМЕРА
Идентификатор записи (NLR Aleph) 010192784
100 ## - ДАННЫЕ ОБЩЕЙ ОБРАБОТКИ
Данные общей обработки 20140219d2013 km y0rusy50 ca
101 0# - ЯЗЫК РЕСУРСА
Язык текста, звукозаписи и т.д. русский
-- английский
102 ## - СТРАНА ПУБЛИКАЦИИ ИЛИ ПРОИЗВОДСТВА
Страна публикации Российская Федерация
105 ## - ПОЛЕ КОДИРОВАННЫХ ДАННЫХ: ТЕКСТОВЫЕ МАТЕРИАЛЫ, МОНОГРАФИЧЕСКИЕ
Кодированные данные о монографическом текстовом документе achbz|||110yy
200 1# - ЗАГЛАВИЕ И СВЕДЕНИЯ ОБ ОТВЕТСТВЕННОСТИ
Основное заглавие История и культура коренных народов Дальнего Востока
Сведения, относящиеся к заглавию материалы Международной научной конференции, посвященной 150-летию со дня рождения Л. Я. Штернберга и 145-летию со дня рождения Б. О. Пилсудского (г. Южно-Сахалинск, 7-9 ноября 2011 г.)
Первые сведения об ответственности [сост.: Н. Ю. Ильина]
210 ## - ПУБЛИКАЦИЯ, РАСПРОСТРАНЕНИЕ И ДР.
Место издания, распространения и т.д. Южно-Сахалинск
Имя издателя, распространителя и т. д. ГБУК "Сахалинский областной краеведческий музей"
Дата издания, распространения и т.д. 2013
215 ## - ФИЗИЧЕСКАЯ ХАРАКТЕРИСТИКА
Специфическое обозначение материала и объем 287 с.
Другие сведения о физической характеристике ил., портр., факс., карт.
Размеры 24
300 ## - ОБЩИЕ ПРИМЕЧАНИЯ
Текст примечания В надзаг.: М-во культуры Сахалинской обл., Гос. бюджетное учреждение культуры "Сахалинский обл. краеведческий музей"
300 ## - ОБЩИЕ ПРИМЕЧАНИЯ
Текст примечания Часть текста на англ. яз.
320 ## - ПРИМЕЧАНИЯ О НАЛИЧИИ В ДОКУМЕНТЕ БИБЛИОГРАФИИ / УКАЗАТЕЛЯ
Текст примечания Библиогр. в конце докл. и в подстроч. примеч.
600 #1 - ИМЯ ЛИЦА КАК ПРЕДМЕТ
Начальный элемент ввода Пилсудский
Часть имени, кроме начального элемента ввода Б.О.
Даты 1868 - 1918
Расширение инициалов личного имени Бронислав Осипович
Системный номер авторитетной/нормативной записи 2130261
Идентификатор авторитетной/нормативной записи RU\NLR\AUTH\661285255
600 #1 - ИМЯ ЛИЦА КАК ПРЕДМЕТ
Начальный элемент ввода Штернберг
Часть имени, кроме начального элемента ввода Л.Я.
Даты 1861 - 1927
Расширение инициалов личного имени Лев Яковлевич
Системный номер авторитетной/нормативной записи 1954038
Идентификатор авторитетной/нормативной записи RU\NLR\AUTH\661181560
606 1# - НАИМЕНОВАНИЕ ТЕМЫ КАК ПРЕДМЕТ
Наименование темы Народы Дальнего Востока России
Формальный подзаголовок Съезды, совещания и т.п
Тематический подзаголовок Историко-этнографические исследования
Системный номер авторитетной/нормативной записи 2295318
Идентификатор авторитетной/нормативной записи RU\NLR\AUTH\661374444
675 ## - УНИВЕРСАЛЬНАЯ ДЕСЯТИЧНАЯ КЛАССИФИКАЦИЯ (UDC/УДК)
Индекс 008(571.6)(082)
686 1# - ИНДЕКСЫ ДРУГИХ КЛАССИФИКАЦИЙ
Индекс Т52(251.1)я431
686 1# - ИНДЕКСЫ ДРУГИХ КЛАССИФИКАЦИЙ
Индекс Т5г(2)5д
702 #1 - ИМЯ ЛИЦА - ВТОРИЧНАЯ ОТВЕТСТВЕННОСТЬ
Код отношения Составитель
Графика поля Кириллица
Материалы, к которым относится поле rus
Начальный элемент ввода Ильина
Часть имени, кроме начального элемента ввода Н. Ю.
Дополнения к именам, кроме дат историк
Расширение инициалов личного имени Нелли Юрьевна
Системный номер авторитетной/нормативной записи 135896
Идентификатор авторитетной/нормативной записи RU\NLR\AUTH\770135931
702 #1 - ИМЯ ЛИЦА - ВТОРИЧНАЯ ОТВЕТСТВЕННОСТЬ
Код отношения Прочие
Графика поля Кириллица
Материалы, к которым относится поле rus
Начальный элемент ввода Штернберг
Часть имени, кроме начального элемента ввода Л. Я.
Даты 1861-1927
Расширение инициалов личного имени Лев Яковлевич
Системный номер авторитетной/нормативной записи 42999
Идентификатор авторитетной/нормативной записи RU\NLR\AUTH\7760068
702 #1 - ИМЯ ЛИЦА - ВТОРИЧНАЯ ОТВЕТСТВЕННОСТЬ
Код отношения Прочие
Начальный элемент ввода Пилсудский
Часть имени, кроме начального элемента ввода Б. О.
Даты 1866-1918
Расширение инициалов личного имени Бронислав Осипович
Системный номер авторитетной/нормативной записи 148343
Идентификатор авторитетной/нормативной записи RU\NLR\AUTH\770148379
712 02 - НАИМЕНОВАНИЕ ОРГАНИЗАЦИИ - ВТОРИЧНАЯ ОТВЕТСТВЕННОСТЬ
Код отношения Прочие
Начальный элемент ввода Сахалинский государственный областной краеведческий музей
Идентифицирующий признак Южно-Сахалинск
Системный номер авторитетной/нормативной записи 272560
Идентификатор авторитетной/нормативной записи RU\NLR\AUTH\881129
801 #0 - ИСТОЧНИК ЗАПИСИ
Страна Российская Федерация
Организация RuMoRKP
Дата составления 20131219
Правила каталогизации RCR
801 #2 - ИСТОЧНИК ЗАПИСИ
Страна Российская Федерация
Организация РГБ
Дата составления 20140205
Правила каталогизации rcr
801 #1 - ИСТОЧНИК ЗАПИСИ
Страна Российская Федерация
Организация RuMoRKP
Дата составления 20131219
Источник данных rusmarc
942 ## - ДОПОЛНИТЕЛЬНЫЕ ЭЛЕМЕНТЫ ЗАПИСИ (АБИС)
Тип экземпляра АБИС Книга
980 ## - КОЛЛЕКЦИЯ
Название коллекции НБР

Нет доступных экземпляров.